LEADER 01362nam 2200373Ia 450 001 9910698890803321 005 20090505154017.0 035 $a(CKB)5470000002396954 035 $a(OCoLC)320267646 035 $a(EXLCZ)995470000002396954 100 $a20090505d2007 ua 0 101 0 $aeng 135 $auran||||||||| 181 $ctxt$2rdacontent 182 $cc$2rdamedia 183 $acr$2rdacarrier 200 00$aGuidance for industry$b[electronic resource] $etoxicity grading schedule for healthy adult and adolescent volunteers enrolled in preventive vaccine clinical trials 210 1$aRockville, MD :$cU.S. Dept. of Health and Human Services, Food and Drug Administration, Center for Biologics Evaluation and Research,$d[2007] 215 $ai, 8 pages $cdigital, PDF file 300 $aTitle from PDF title page (viewed on May 5, 2009). 300 $a"September 2007". 320 $aIncludes bibliographical references (page 8). 517 $aGuidance for industry 606 $aVaccines$xToxicology$zUnited States 606 $aClinical trials 615 0$aVaccines$xToxicology 615 0$aClinical trials. 712 02$aCenter for Biologics Evaluation and Research (U.S.) 801 0$bGPO 801 1$bGPO 906 $aBOOK 912 $a9910698890803321 996 $aGuidance for industry$93434577 997 $aUNINA